[Event "Irish New Year-IM 2022"]
[Site "Dublin"]
[Date "2022.01.05"]
[Round "7.10"]
[White "Melaugh, Shane"]
[Black "Daly, Colm"]
[Result "0-1"]
[WhiteElo "2192"]
[BlackElo "2285"]
[Annotator "TA"]
[PlyCount "88"]
[EventDate "2022.01.02"]
[EventType "tourn"]
[EventCountry "IRL"]
[SourceTitle "playchess.com"]
[Source "ChessBase"]
[SourceQuality "1"]

{[%evp 18,88,50,10,35,0,27,0,5,0,-6,0,0,0,0,0,0,-47,0,0,0,0,0,-14,0,-39,-41,-33,0,-16,-17,-13,-13,-22,-14,-23,-22,-30,-14,-30,-21,-49,-35,-94,-100,-96,-107,-237,-233,-222,-213,-237,-246,-247,-251,-308,-305,-316,-312,-400,-383,-384,-383,-381,-381,-372,-366,-934,-367,-350,-335,-7100,-6900]} 1. e4 c5 2. Nf3 e6 3. d4 cxd4 4. Nxd4 Nc6 5. Nc3 a6 6. Be3 Qc7 7. Be2 b5 8. Nxc6 Qxc6 9. O-O Bb7 10. Bf3 Rc8 {B49: Sicilian: Taimanov: 5 Nc3 Qc7 6 Be3 a6 7 Be2.} 11. Rc1 {[#]} Qc7 $146 ({Predecessor:} 11... b4 12. Ne2 Qa4 13. b3 Qxa2 14. Nd4 Qa5 15. Re1 Nf6 16. Ra1 Qe5 17. g3 Bc5 18. Ra5 Qc7 19. Rxc5 Qxc5 20. Nxe6 Qxc2 21. Nxg7+ Ke7 22. Nf5+ {1-0 (22) Krugliak,N-Puchko,N (1714) Belorechensk 2012}) 12. Qd3 Bd6 {The position is equal.} 13. h3 Nf6 14. Rfd1 Be5 {[%cal Re5c3]} 15. Bd4 d6 16. a3 O-O 17. Be2 (17. Qe3 $11 {feels stronger.}) 17... Bxd4 (17... d5 $1 $15 {should be considered.}) 18. Qxd4 $11 Rfd8 19. Rd2 e5 20. Qd3 h6 21. Nd5 Bxd5 22. exd5 Rb8 23. b4 a5 24. c4 axb4 25. axb4 bxc4 26. Rxc4 Qa7 27. Qb3 Qb7 28. Bd3 Kf8 (28... Nxd5 $2 29. Be4 $18) 29. Bc2 Re8 30. Qd3 ({White should try} 30. Bf5 $15) 30... Rec8 $17 31. Rxc8+ Rxc8 32. Ba4 {Now White is beyond hope.} (32. b5 $17) 32... Rc1+ $19 ({Stronger than} 32... Qxb4 33. Bc6) 33. Rd1 Rxd1+ 34. Qxd1 Qxb4 ({Not} 34... Qxd5 35. Qc1 $15) ({Weaker is} 34... Nxd5 35. Bb3 Nf4 36. Qxd6+ Kg8 37. f3 $11) 35. Bc6 g6 36. g3 Kg7 37. Qa1 h5 38. Qa2 Qe1+ 39. Kg2 Ne4 {[#] Threatens to win with ...Nd2.} 40. Bb5 Nc3 {[%csl LRa2,LRb5] To avoid Qe2} 41. Qb3 Qe4+ 42. Kh2 $2 {[#]} (42. Kg1 Qxd5 43. Qxd5 Nxd5 44. Kf1) 42... Qxd5 $1 43. Qxc3 {And now Be2 would win.} Qxb5 44. Qc7 $2 (44. Qe3) 44... Qc5 {Weighted Error Value: White=0.57/Black=0.16 (very precise)} 0-1

[Event "Irish New Year-IM 2022"]
[Site "Dublin"]
[Date "2022.01.06"]
[Round "8.6"]
[White "Baker, Chris W"]
[Black "Daly, Colm"]
[Result "1-0"]
[WhiteElo "2227"]
[BlackElo "2285"]
[Annotator "ChessBase"]
[PlyCount "107"]
[EventDate "2022.01.02"]
[EventType "tourn"]
[EventCountry "IRL"]
[SourceTitle "playchess.com"]
[Source "ChessBase"]
[SourceQuality "1"]
[TimeControl "5400+30"]

1. d4 {[%emt 0:00:03]} Nf6 {[%emt 0:15:23]} 2. Nf3 {[%emt 0:01:01]} e6 {[%emt 0:00:18]} 3. g3 {[%emt 0:00:39]} b5 {[%emt 0:00:19]} 4. Bg2 {[%emt 0:01:05]} Bb7 {[%emt 0:00:07]} 5. O-O {[%emt 0:01:41]} Be7 {[%emt 0:00:10]} 6. a4 {[%emt 0:03:34]} a6 {[%emt 0:02:17]} 7. axb5 {[%emt 0:01:05]} axb5 {[%emt 0:00:02]} 8. Rxa8 {[%emt 0:00:18]} Bxa8 {[%emt 0:02:00]} 9. Qd3 {[%emt 0:01:15]} b4 {[%emt 0:06:02]} 10. Bg5 {[%emt 0:03:33]} O-O {[%emt 0:03:10]} 11. Nbd2 {[%emt 0:01:45]} d6 {[%emt 0:09:44]} 12. Ra1 {[%emt 0:01:54]} Nbd7 {[%emt 0:01:36]} 13. Qa6 {[%emt 0:06:38]} Bd5 {[%emt 0:02:12]} 14. Ne1 {[%emt 0:05:58]} Bxg2 {[%emt 0:00:38]} 15. Kxg2 {[%emt 0:00:16]} c5 {[%emt 0:01:14]} 16. Nd3 {[%emt 0:04:28]} Qc7 {[%emt 0:06:49]} 17. dxc5 {[%emt 0:04:12]} Nxc5 {[%emt 0:00:25]} 18. Qa7 {[%emt 0:00:25]} Qc6+ {[%emt 0:04:44]} 19. Nf3 {[%emt 0:00:57]} Nxd3 {[%emt 0:02:46]} 20. cxd3 {[%emt 0:07:08]} Re8 {[%emt 0:03:30]} 21. Rc1 {[%emt 0:00:50]} Qa8 {[%emt 0:00:36]} 22. Qxa8 {[%emt 0:04:03]} Rxa8 {[%emt 0:00:03]} 23. Rc7 {[%emt 0:00:13]} Bf8 {[%emt 0:05:48]} 24. Rb7 {[%emt 0:02:33]} d5 {[%emt 0:00:35]} 25. Ne5 {[%emt 0:01:37]} h6 {[%emt 0:07:20]} 26. Be3 {[%emt 0:03:21]} Rc8 {[%emt 0:06:17]} 27. Bd4 {[%emt 0:01:08]} Ne8 {[%emt 0:03:56]} 28. Nxf7 {[%emt 0:03:43]} Rc7 {[%emt 0:05:51]} 29. Nd8 {[%emt 0:01:47]} Rxb7 {[%emt 0:01:13]} 30. Nxb7 {[%emt 0:00:07]} Be7 {[%emt 0:02:17]} 31. Bc5 {[%emt 0:02:21]} Kf7 {[%emt 0:00:42]} 32. d4 {[%emt 0:01:41]} Nc7 {[%emt 0:00:46]} 33. Kf3 {[%emt 0:03:19]} Nb5 {[%emt 0:01:16]} 34. Ke3 {[%emt 0:00:50]} Bxc5 {[%emt 0:02:31]} 35. Nxc5 {[%emt 0:01:43]} Na7 {[%emt 0:01:08]} 36. Kd3 {[%emt 0:01:50]} Nc6 {[%emt 0:00:17]} 37. Nd7 {[%emt 0:02:27]} Ke7 {[%emt 0:00:14]} 38. Ne5 {[%emt 0:00:07]} Na5 {[%emt 0:00:10]} 39. Kc2 {[%emt 0:01:45]} Kf6 {[%emt 0:00:24]} 40. e3 {[%emt 0:02:21]} Kf5 {[%emt 0:00:16]} 41. Nd3 {[%emt 0:03:23]} b3+ {[%emt 0:02:13]} 42. Kc3 {[%emt 0:01:24]} Ke4 {[%emt 0:02:08]} 43. Ne5 {[%emt 0:00:15]} g5 {[%emt 0:00:55]} 44. g4 {[%emt 0:00:30]} Nc4 {[%emt 0:00:48]} 45. Nxc4 {[%emt 0:00:37]} dxc4 {[%emt 0:00:03]} 46. Kxc4 {[%emt 0:00:11]} Kf3 {[%emt 0:00:20]} 47. Kxb3 {[%emt 0:01:27]} Kxf2 {[%emt 0:01:24]} 48. e4 {[%emt 0:00:23]} Kf3 {[%emt 0:00:50]} 49. d5 {[%emt 0:00:09]} exd5 {[%emt 0:00:27]} 50. exd5 {[%emt 0:00:10]} Kxg4 {[%emt 0:00:20]} 51. d6 {[%emt 0:00:11]} Kh3 {[%emt 0:00:04]} 52. d7 {[%emt 0:00:36]} Kxh2 {[%emt 0:00:16]} 53. d8=Q {[%emt 0:00:07]} Kh3 {[%emt 0:00:20]} 54. Qf6 {[%emt 0:00:16]} 1-0

[Event "Irish New Year-IM 2022"]
[Site "Dublin"]
[Date "2022.01.06"]
[Round "8.7"]
[White "Urh, Zala"]
[Black "Melaugh, Shane"]
[Result "1-0"]
[WhiteElo "2291"]
[BlackElo "2192"]
[Annotator "ChessBase"]
[PlyCount "83"]
[EventDate "2022.01.02"]
[EventType "tourn"]
[EventCountry "IRL"]
[SourceTitle "playchess.com"]
[Source "ChessBase"]
[SourceQuality "1"]
[TimeControl "5400+30"]

1. d4 {[%emt 0:00:02]} e6 {[%emt 0:28:51]} 2. Nf3 {[%emt 0:00:46]} f5 {[%emt 0:00:13]} 3. Bf4 {[%emt 0:00:26]} Nf6 {[%emt 0:00:36]} 4. e3 {[%emt 0:00:36]} Be7 {[%emt 0:01:09]} 5. c4 {[%emt 0:00:39]} O-O {[%emt 0:01:15]} 6. h3 {[%emt 0:02:52]} b6 {[%emt 0:00:14]} 7. g4 {[%emt 0:04:57]} d5 {[%emt 0:03:38]} 8. Bd3 {[%emt 0:04:11]} c6 {[%emt 0:06:44]} 9. Qc2 {[%emt 0:03:36]} Ne4 {[%emt 0:00:13]} 10. Nc3 {[%emt 0:05:20]} Bb7 {[%emt 0:11:49]} 11. O-O-O {[%emt 0:08:05]} Nd7 {[%emt 0:00:30]} 12. Ne5 {[%emt 0:07:11]} Nxe5 {[%emt 0:04:08]} 13. Bxe5 {[%emt 0:00:37]} Bf6 {[%emt 0:00:45]} 14. Bh2 {[%emt 0:05:17]} Qe7 {[%emt 0:07:35]} 15. f3 {[%emt 0:07:02]} Nxc3 {[%emt 0:00:07]} 16. Qxc3 {[%emt 0:00:05]} c5 {[%emt 0:00:38]} 17. Kb1 {[%emt 0:06:21]} dxc4 {[%emt 0:01:05]} 18. Be2 {[%emt 0:01:03]} cxd4 {[%emt 0:03:11]} 19. exd4 {[%emt 0:00:17]} Rac8 {[%emt 0:00:31]} 20. gxf5 {[%emt 0:03:19]} exf5 {[%emt 0:00:21]} 21. Bxc4+ {[%emt 0:00:42]} Kh8 {[%emt 0:00:05]} 22. Rhe1 {[%emt 0:00:45]} Qd7 {[%emt 0:01:49]} 23. Qb4 {[%emt 0:02:29]} Bd5 {[%emt 0:06:34]} 24. Ba6 {[%emt 0:03:01]} Rcd8 {[%emt 0:01:47]} 25. Rd3 {[%emt 0:04:30]} f4 {[%emt 0:02:33]} 26. Bc4 {[%emt 0:13:50]} Bxc4 {[%emt 0:01:52]} 27. Qxc4 {[%emt 0:00:08]} Qxh3 {[%emt 0:00:09]} 28. Bg1 {[%emt 0:13:46]} Rfe8 {[%emt 0:01:05]} 29. Red1 {[%emt 0:00:09]} Re2 {[%emt 0:00:51]} 30. Rb3 {[%emt 0:01:19]} Qg2 {[%emt 0:02:22]} 31. a4 {[%emt 0:00:24]} h5 {[%emt 0:01:06]} 32. a5 {[%emt 0:00:11]} bxa5 {[%emt 0:02:14]} 33. Qb5 {[%emt 0:00:45]} Qg6+ {[%emt 0:00:08]} 34. Ka1 {[%emt 0:01:41]} Rg2 {[%emt 0:00:07]} 35. Qf1 {[%emt 0:00:12]} a4 {[%emt 0:01:12]} 36. Rb5 {[%emt 0:01:03]} a3 {[%emt 0:00:22]} 37. Rxh5+ {[%emt 0:00:12]} Kg8 {[%emt 0:00:09]} 38. Qc4+ {[%emt 0:00:24]} Kf8 {[%emt 0:01:36]} 39. Rh8+ {[%emt 0:00:06]} Ke7 {[%emt 0:00:02]} 40. Qc7+ {[%emt 0:00:56]} Ke6 {[%emt 0:00:18]} 41. Re1+ {[%emt 0:00:07]} Kf5 {[%emt 0:00:35]} 42. Qc5+ {[%emt 0:00:13]} 1-0

[Event "Irish New Year-IM 2022"]
[Site "Dublin"]
[Date "2022.01.06"]
[Round "8.8"]
[White "Wafa, Shrook"]
[Black "Carroll, Peter"]
[Result "1/2-1/2"]
[WhiteElo "2173"]
[BlackElo "2139"]
[Annotator "TA"]
[PlyCount "97"]
[EventDate "2022.01.02"]
[EventType "tourn"]
[EventCountry "IRL"]
[SourceTitle "playchess.com"]
[Source "ChessBase"]
[SourceQuality "1"]

{[%evp 9,97,-17,-4,-17,0,-24,-19,-25,-21,-20,-25,-20,-6,-12,-19,-8,-8,0,0,-65,-41,-45,-41,-63,-69,-128,0,-12,-13,-20,-21,-62,-57,-94,-102,-93,-79,-181,-173,-175,-178,-171,-162,-197,-188,-204,-179,-177,-69,-60,-12,-13,-12,-16,0,0,0,0,14,23,28,-13,-14,-62,-13,-52,-52,-54,-59,-43,-63,-153,-33,-73,-73,-83,-92,-84,-84,-87,-83,-104,-36,-46,29983,0,0,0,0,0]} 1. e4 c5 2. Nf3 d6 3. Nc3 Nf6 4. Bb5+ Nbd7 5. e5 dxe5 6. Nxe5 {B50: Sicilian: 2...d6, Miscellaneous.} a6 7. Bxd7+ Nxd7 8. Nxd7 Bxd7 9. O-O Bc6 10. d3 e6 11. Qg4 {[#]} h5 $146 ({Predecessor:} 11... Qd4 12. Bf4 h5 13. Qg3 h4 14. Qe3 Qxe3 15. Bxe3 Be7 16. h3 f5 17. d4 cxd4 18. Bxd4 {0-1 (44) Abdollahzadeh,A-Arun Prasad,S (2334) Teheran 2004}) 12. Qe2 h4 13. h3 Be7 $40 {[%mdl 128] Black attacks.} 14. Qg4 (14. Be3 $11) 14... Qd4 15. Ne4 O-O-O 16. Be3 Qe5 17. f4 ({Better is} 17. Qf4 $15 Qxf4 18. Bxf4) 17... Qd5 (17... Qxb2 $17 {And now ...f5 would win.} 18. Nxc5 Rh6) 18. f5 {[%cal Bf4f5,Bf5f6][%mdl 32]} g6 19. f6 ({Don't go for} 19. fxg6 $2 f5 20. Nc3 fxg4 $19) 19... Bf8 20. a4 (20. Ng5 $11 Rd7 21. b3) 20... Qh5 21. a5 Qxg4 22. hxg4 h3 {aiming for ...hxg2.} 23. Bf4 (23. Rfe1 $17) 23... c4 $19 24. Rf3 hxg2 25. Kxg2 g5 26. Be5 Rd5 27. Bg3 Bb4 28. Kf2 cxd3 ({Black should try} 28... Rhd8 $1 $19 {[%cal Rc4d3]} 29. Ke2 Rxa5 30. Rxa5 Bxa5) 29. Rxd3 $15 Rhd8 (29... Rh6 $15 {should be considered.}) 30. Rxd5 $11 Rxd5 31. c3 {Inhibits Rd4.} Bxa5 (31... Rxa5 $2 32. Rxa5 Bxa5 33. Nd6+ Kd7 34. Nxf7 $18) 32. Nd6+ Kd7 {Threatens to win with ...Bb6+.} 33. Nxf7 Bb6+ 34. Ke1 Ke8 35. Nd6+ (35. Nh8 $1 {deserves consideration.}) 35... Kf8 {Strongly threatening ...Rd3.} 36. Nc4 (36. Rd1 $11) 36... Bc5 (36... Bd8 $1 $15) 37. b4 {[#]} Rd3 $1 {[%csl LRc3,LRg3]} 38. Be5 {[#]} (38. bxc5 Rxg3) 38... Bb5 $1 39. bxc5 (39. Ra5 Kg8) 39... Bxc4 $15 {[%mdl 4096] Endgame KRB-KRB} 40. Bd4 {Prevents Re3+.} (40. Kf2 $15) 40... Rg3 (40... e5 $1 $17 {[%cal Re5d4]} 41. Bg1 (41. c6 $2 exd4 42. cxb7 Re3+ 43. Kd2 Re2+ 44. Kc1 Re8 $19) 41... Rxc3) 41. Kf2 Rxg4 42. Rh1 {[#]} Rh4 {To avoid Rh8+} 43. Rg1 Rf4+ 44. Ke3 Rf5 45. Rh1 {[#]} e5 (45... Kg8 $1 $17 {...Bd5 is the strong threat.} 46. f7+ Kxf7 47. Rh7+ Ke8 48. Rxb7 Bd5) 46. Ke4 {[%csl LRe5,LRf5] Inhibits Bd5+.} Bd5+ $2 {[%mdl 8192]} 47. Kxf5 $2 (47. Kxd5 {mates} Rxf6 48. Bxe5 Rc6 49. Rh7 a5 50. Rxb7 Rc8 51. c6 a4 52. Bd6+ Kg8 53. Rb8) 47... Bxh1 $11 48. Bxe5 {White wants to mate with Ke6.} Kf7 49. c4 {What a bad dream for Black.  Weighted Error Value: White=0.41/Black=0.38} 1/2-1/2

[Event "Irish New Year-IM 2022"]
[Site "Dublin"]
[Date "2022.01.06"]
[Round "8.10"]
[White "Wall, Tim P"]
[Black "Mannion, Stephen R"]
[Result "1/2-1/2"]
[WhiteElo "2256"]
[BlackElo "2267"]
[Annotator "ChessBase"]
[PlyCount "57"]
[EventDate "2022.01.02"]
[EventType "tourn"]
[EventCountry "IRL"]
[SourceTitle "playchess.com"]
[Source "ChessBase"]
[SourceQuality "1"]
[TimeControl "5400+30"]

1. d4 {[%emt 0:02:43]} d5 {[%emt 0:00:05]} 2. Bg5 {[%emt 0:00:35]} Nf6 {[%emt 0:00:10]} 3. Bxf6 {[%emt 0:12:13]} exf6 {[%emt 0:00:06]} 4. e3 {[%emt 0:00:48]} Bd6 {[%emt 0:00:06]} 5. Bd3 {[%emt 0:00:29]} f5 {[%emt 0:03:45]} 6. Nd2 {[%emt 0:07:43]} Be6 {[%emt 0:01:22]} 7. Ne2 {[%emt 0:10:46]} Nd7 {[%emt 0:01:20]} 8. c4 {[%emt 0:02:20]} dxc4 {[%emt 0:01:38]} 9. Bxc4 {[%emt 0:02:16]} Bxc4 {[%emt 0:06:44]} 10. Nxc4 {[%emt 0:00:08]} Bb4+ {[%emt 0:01:55]} 11. Nc3 {[%emt 0:01:09]} g6 {[%emt 0:10:37]} 12. Qb3 {[%emt 0:05:48]} Qe7 {[%emt 0:04:15]} 13. O-O {[%emt 0:00:33]} Bxc3 {[%emt 0:06:37]} 14. bxc3 {[%emt 0:04:07]} b6 {[%emt 0:01:01]} 15. a4 {[%emt 0:09:56]} a5 {[%emt 0:01:33]} 16. f3 {[%emt 0:06:27]} O-O {[%emt 0:02:08]} 17. Rae1 {[%emt 0:00:26]} Nf6 {[%emt 0:08:41]} 18. e4 {[%emt 0:03:14]} f4 {[%emt 0:00:26]} 19. Ne5 {[%emt 0:05:07]} Qe6 {[%emt 0:04:04]} 20. Qb5 {[%emt 0:00:53]} h6 {[%emt 0:04:02]} 21. Nc6 {[%emt 0:01:24]} Rfe8 {[%emt 0:12:49]} 22. d5 {[%emt 0:05:21]} Qd7 {[%emt 0:00:05]} 23. c4 {[%emt 0:00:19]} Nh5 {[%emt 0:00:40]} 24. e5 {[%emt 0:06:44]} Ng7 {[%emt 0:00:08]} 25. Re4 {[%emt 0:02:17]} g5 {[%emt 0:00:52]} 26. Rfe1 {[%emt 0:02:00]} Kh8 {[%emt 0:03:48]} 27. Qb2 {[%emt 0:02:50]} Kg8 {[%emt 0:00:02]} 28. Qb5 {[%emt 0:01:09]} Kh8 {[%emt 0:00:02]} 29. Qb2 {[%emt 0:01:55]} 1/2-1/2

[Event "Irish New Year-IM 2022"]
[Site "Dublin"]
[Date "2022.01.06"]
[Round "9.8"]
[White "Carroll, Peter"]
[Black "O`Donnell, Conor"]
[Result "0-1"]
[WhiteElo "2139"]
[BlackElo "2310"]
[Annotator "TA"]
[PlyCount "88"]
[EventDate "2022.01.02"]
[EventType "tourn"]
[EventCountry "IRL"]
[SourceTitle "playchess.com"]
[Source "ChessBase"]
[SourceQuality "1"]

{[%evp 12,88,18,27,13,0,0,0,0,0,14,-56,-45,-54,-45,-54,-52,-61,-47,-52,-55,-81,-81,-80,-54,-59,-45,-76,-29,-32,-26,-28,-12,-17,-28,-79,-39,-81,0,-59,-20,-72,-18,-66,0,0,0,-33,91,92,100,102,81,53,218,206,187,33,132,0,93,0,0,0,0,-87,81,81,46,0,25,0,0,-6,-8,-174,-181,-492,-481]} 1. e4 c6 2. d4 d5 3. e5 Bf5 4. h4 h6 5. g4 Be4 6. f3 Bh7 7. e6 Nf6 {B12: Caro-Kann: Advance Variation.} 8. Bd3 Qd6 9. exf7+ Kxf7 {The position is equal.} 10. Bxh7 Rxh7 {[#]} 11. f4 $146 (11. Qe2 $11) ({Predecessor:} 11. Qe2 Nbd7 12. f4 c5 13. dxc5 Nxc5 14. Nc3 Nce4 15. Nxe4 Nxe4 16. Nf3 Kg8 17. Rh3 {½-½ (23) Langheld,W (2047)-Schormann,C (2130) LSS email 2016}) 11... Qe6+ $15 12. Qe2 Qxe2+ ({Much worse is} 12... Nxg4 13. Qxe6+ Kxe6 14. Nf3 $11) 13. Kxe2 Nxg4 14. Nf3 Nd7 15. Rg1 Ngf6 16. Nc3 e6 17. Be3 Bb4 18. Ne5+ Ke8 19. Nd1 Ne4 (19... Be7 $17) 20. Nf2 $11 Nxf2 21. Bxf2 Bd6 22. Rg2 Nf6 23. Ng6 (23. Rf1 $11) 23... Rc8 24. Kd3 (24. b3 $15 {might be stronger.}) 24... b6 ({Better is} 24... h5 $17) 25. c3 ({White should play} 25. f5 $11) 25... Rc7 26. b4 (26. Re1 $11) 26... Rf7 (26... h5 $17) 27. Be3 ({Much weaker is} 27. Ne5 Bxe5 28. fxe5 Nh5 $17) (27. Re1 $11 {is superior.}) 27... Ng8 ({Black should try} 27... h5 $1 $15) 28. a4 {[%cal Ba2a4,Ba4a5][%mdl 32]} Ne7 29. b5 {[%cal Bb4b5,Bb5b6][%mdl 32]} c5 (29... Rf5 $15 {keeps the upper hand.}) 30. dxc5 $1 $16 bxc5 31. a5 $1 Nf5 32. b6 {[%mdl 1024] White has strong compensation.} a6 $2 (32... axb6 $14 33. axb6 c4+ 34. Kd2 Nxe3 35. Kxe3 (35. Ra8+ Kd7 $11) 35... Rb7) 33. Rb1 $1 $18 {[%cal Oe3c5]} Rb7 34. Re1 $2 ({White must play} 34. h5 $18) 34... h5 (34... c4+ $14 35. Kc2 h5) 35. Bd2 (35. c4 $1 $16 {[%cal Rc4d5]}) 35... Kf7 (35... c4+ $11 {keeps the balance.} 36. Kc2 Rh6) 36. Reg1 (36. c4 $16) 36... c4+ $11 37. Kc2 Rh6 38. Rg5 {[#]} (38. Ne5+ $11 {remains equal.} Bxe5 39. fxe5) 38... Be7 $2 (38... d4 $1 $17 {stays on course.}) 39. Nxe7 $16 Rxe7 40. Bc1 (40. Be1 $14) 40... g6 41. Re1 Rh8 42. Rh1 Rd7 43. Rg2 $2 {[#]} (43. Ba3 $11 {and White is okay.}) 43... Rc8 $1 $19 {White must now prevent ...Rc5.} 44. Rh3 $2 (44. Kd1 {is a better chance.}) 44... Rc5 {Black used his chance.  Weighted Error Value: White=0.42/Black=0.43} 0-1

[Event "Irish New Year-IM 2022"]
[Site "Dublin"]
[Date "2022.01.06"]
[Round "9.9"]
[White "Melaugh, Shane"]
[Black "Wafa, Shrook"]
[Result "0-1"]
[WhiteElo "2192"]
[BlackElo "2173"]
[Annotator "NA"]
[PlyCount "66"]
[EventDate "2022.01.02"]
[EventType "tourn"]
[EventCountry "IRL"]
[SourceTitle "playchess.com"]
[Source "ChessBase"]
[SourceQuality "1"]
[TimeControl "5400+30"]

1. c4 {[%emt 0:00:02]} e5 {[%emt 0:00:11]} 2. Nc3 {[%emt 0:00:25]} Nf6 {[%emt 0:00:19]} 3. Nf3 {[%emt 0:00:06]} Nc6 {[%emt 0:00:29]} 4. e4 {[%emt 0:00:04]} d6 {[%emt 0:00:31]} 5. d4 {[%emt 0:00:04]} exd4 {[%emt 0:00:34]} 6. Nxd4 {[%emt 0:00:02]} Nxd4 {[%emt 0:00:37] 6...g6 is setting a new trend.} 7. Qxd4 {[%emt 0:00:03]} Be7 {[%emt 0:00:21]} 8. f3 {[%emt 0:00:36]} O-O {[%emt 0:00:26]} 9. Be3 {[%emt 0:01:00]} Be6 {[%emt 0:00:45]} 10. Be2 {[%emt 0:01:32]} Nd7 {[%emt 0:01:29]} 11. O-O {[%emt 0:00:06]} f5 {[%emt 0:01:26] [#]} 12. Qd2 $146 {[%emt 0:04:59]} ({Predecessor:} 12. exf5 $14 Bxf5 (12... Rxf5 13. Bd3 Rf7 14. Nd5 Bxd5 15. Qxd5 Ne5 16. Bc2 c6 17. Qe4 Ng6 18. Rad1 {1-0 (32) Rieger,R (2236)-Hicker,H (2061) Lienz 2015}) 13. Rad1) 12... fxe4 {[%emt 0:08:51]} 13. fxe4 {[%emt 0:01:06]} Bf6 {[%emt 0:01:37]} 14. Rac1 {[%emt 0:01:42]} Qe7 {[%emt 0:05:26]} 15. b3 {[%emt 0:02:01]} b6 {[%emt 0:08:57]} 16. Bd3 {[%emt 0:04:21]} Ne5 {[%emt 0:01:23]} 17. h3 {[%emt 0:02:09]} Nxd3 {[%emt 0:06:42]} 18. Qxd3 {[%emt 0:00:03]} Bxc3 {[%emt 0:00:19]} 19. Qxc3 {[%emt 0:00:02]} Bd7 {[%emt 0:03:10]} 20. Rfe1 {[%emt 0:01:34]} Rae8 {[%emt 0:04:23]} ({Don't do} 20... Qxe4 21. Bxb6 Qf5 22. Bd4 $14 (22. Re7 Qg5 $14)) 21. Rcd1 $17 {[%emt 0:01:02]} (21. Bd4 $11) 21... Bc6 {[%emt 0:07:50]} 22. Bd4 {[%emt 0:02:38]} Rf4 {[%emt 0:07:40]} 23. Qg3 {[%emt 0:07:33]} Rxe4 {[%emt 0:04:23]} 24. Rxe4 {[%emt 0:00:07]} Bxe4 {[%emt 0:00:14]} 25. Re1 {[%emt 0:00:31]} Qf7 {[%emt 0:01:45]} 26. h4 {[%emt 0:00:30]} h5 {[%emt 0:05:37]} 27. Re3 {[%emt 0:03:26]} Re6 {[%emt 0:03:30]} 28. Qg5 {[%emt 0:01:17]} Rg6 {[%emt 0:02:06]} 29. Qd8+ {[%emt 0:00:07]} Kh7 {[%emt 0:00:12]} 30. g3 {[%emt 0:01:45]} Qf4 {[%emt 0:01:57]} 31. Qe7 {[%emt 0:01:21]} Rxg3+ {[%emt 0:00:19]} 32. Rxg3 {[%emt 0:00:03]} Qxg3+ {[%emt 0:00:08]} 33. Kf1 {[%emt 0:00:02]} Bd3+ {[%emt 0:00:06]} 0-1